000 00615cam a22002053a 4500
001 39086
003 PGUSA
005 20140828083851.0
008 120309s2012||||xxu|||||s|||||000 | eng d
040 _aPGUSA
_beng
042 _adc
100 1 _aSantos, Augusto Joaquim Alves dos,
_d1866-1924
245 1 0 _aEducação nova :
_bAs bases
_h[electronic resource] /
_cAugusto Joaquim Alves dos Santos
260 _bProject Gutenberg,
_c2012
506 _aPublic domain in the USA.
516 _aElectronic text
830 0 _aProject Gutenberg
_v39086
856 4 0 _uhttp://www.gutenberg.org/ebooks/39086
942 _cEB
999 _c268339
_d268339